|
|
|
|
| LEADER |
00000cam a2200000 7i4500 |
| 001 |
0000054240 |
| 005 |
20230607153546.0 |
| 008 |
150723 |
| 020 |
|
|
|a 9789674442989
|
| 090 |
0 |
0 |
|a 428.24
|b PIC
|
| 100 |
1 |
|
|a Hassan Noor
|
| 245 |
1 |
0 |
|a 80 selected essays :
|b pictures and wordings
|c Hassan Noor, Raja Liyana
|
| 260 |
|
|
|a Kuala Lumpur :
|b Sukses Akademia ,
|c [s.n]
|
| 300 |
|
|
|a 96pg. ;
|c 22.5cm.
|
| 490 |
1 |
|
|a Grade A
|
| 500 |
|
|
|a Teenager ages 13-18 years old (blue)
|
| 650 |
|
0 |
|a English essays
|
| 650 |
|
0 |
|a English language
|x Composition and exercixes, etc.
|
| 650 |
|
0 |
|a English language
|x Writing
|v Problems, exercises, etc.
|
| 999 |
|
|
|a 0001353858
|b Book
|c Teenagers
|e Cawangan AEON Kulaijaya
|
| 999 |
|
|
|a 0001353859
|b Book
|c Teenagers
|e Cawangan Tmn. Ungku Tun Aminah
|
| 999 |
|
|
|a 0001353860
|b Book
|c Teenagers
|e Perbadanan Perpustakaan Awam Johor
|
| 999 |
|
|
|a 0001353861
|b Book
|c Teenagers
|e Cawangan Batu Pahat
|
| 999 |
|
|
|a 0001353863
|b Book
|c Teenagers
|e Cawangan Segamat
|
| 999 |
|
|
|a 0001353864
|b Book
|c Teenagers
|e Cawangan Bukit Gambir
|
| 999 |
|
|
|a 0001353865
|b Book
|c Teenagers
|e Cawangan Taman Sri Lambak
|
| 999 |
|
|
|a 0001353868
|b Book
|c Teenagers
|e Cawangan Mersing
|
| 999 |
|
|
|a 0001353869
|b Book
|c Teenagers
|e Cawangan Pontian
|
| 999 |
|
|
|a 0001353870
|b Book
|c Teenagers
|e Cawangan Bandar Tenggara
|
| 999 |
|
|
|a 0001353891
|b Book
|c Teenagers
|e Cawangan Urban Transformation Centre
|
| 999 |
|
|
|a 0001353892
|b Book
|c Teenagers
|e Perbadanan Perpustakaan Awam Johor
|